[Event "14th Asrian Memorial 2024"]
[Site "Yerevan ARM"]
[Date "2024.04.24"]
[Round "1.1"]
[White "Petrosyan, Manuel"]
[Black "Sklokin, Sergey"]
[Result "1-0"]
[WhiteTitle "GM"]
[WhiteElo "2616"]
[BlackElo "2054"]
[WhiteFideId "13300857"]
[BlackFideId "55730230"]
[EventDate "2024.04.24"]

1. d4 d5 2. c4 e6 3. Nf3 c5 4. cxd5 exd5 5. g3 Nc6 6. Bg2 Nf6 7. O-O Be7 8. dxc5
Bxc5 9. a3 a5 10. Bg5 Be6 11. Qc2 Ba7 12. Nc3 h6 13. Bxf6 Qxf6 14. Rad1 O-O 15.
Nxd5 Bxd5 16. Rxd5 Nd4 17. Qd3 Rfd8 18. Nxd4 Rxd5 19. Bxd5 Bxd4 20. b3 Rd8 21.
Qc4 b6 22. e3 Bc5 23. Rd1 Be7 24. b4 axb4 25. axb4 Kf8 26. Rb1 g6 27. Kg2 Kg7
28. Rb3 Qf5 29. e4 Qe5 30. Ra3 f5 31. Ra7 fxe4 32. Bxe4 b5 33. Qc2 Rd4 34. Bf3
h5 35. Qc3 Kf7 36. Rd7 Re4 37. Qb3+ Rc4 38. Rd5 Qb8 39. Be2 Rxb4 40. Rf5+ Kg7
41. Qf7+ Kh6 42. Qxe7 Rb2 43. Qg5+ Kg7 44. Qf6+ 1-0

[Event "14th Asrian Memorial 2024"]
[Site "Yerevan ARM"]
[Date "2024.04.24"]
[Round "1.2"]
[White "Andreasyan, Edgar"]
[Black "Andriasian, Zaven"]
[Result "0-1"]
[BlackTitle "GM"]
[WhiteElo "2051"]
[BlackElo "2570"]
[WhiteFideId "13316869"]
[BlackFideId "13302000"]
[EventDate "2024.04.24"]

1. d4 Nf6 2. c4 g6 3. Nc3 Bg7 4. e4 d6 5. Be2 Nbd7 6. Bg5 a6 7. Nf3 e5 8. O-O
O-O 9. d5 h6 10. Bh4 Qe8 11. Nd2 Nh7 12. b4 h5 13. f3 f5 14. Bf2 f4 15. c5 g5
16. Nc4 Qg6 17. Rc1 Bh6 18. cxd6 cxd6 19. Na4 g4 20. Kh1 g3 21. Bg1 h4 22. Bd3
h3 23. Rc2 Ng5 24. Re1 Rb8 25. Na5 Nf6 26. Bf1 Qh5 27. Qd3 Kh8 28. Nb6 hxg2+ 29.
Bxg2 Bh3 30. Rf1 Nfxe4 31. Bxh3 Qxh3 32. Rg2 gxh2 33. Bf2 Ng3+ 34. Bxg3 fxg3 35.
Qg6 Nxf3 36. Qxg3 Qxg3 37. Rxg3 Nh4 38. Re1 Rf4 39. Nac4 Rbf8 40. Ne3 Rxb4 41.
Nec4 Rf4 42. Rc3 Nf3 43. Rd1 e4 44. Nc8 Rxc4 45. Rxc4 Rg4 0-1

[Event "14th Asrian Memorial 2024"]
[Site "Yerevan ARM"]
[Date "2024.04.24"]
[Round "1.3"]
[White "Pranesh, M"]
[Black "Arakelyan, Manvel"]
[Result "1-0"]
[WhiteTitle "GM"]
[WhiteElo "2538"]
[BlackElo "2033"]
[WhiteFideId "35028600"]
[BlackFideId "13317415"]
[EventDate "2024.04.24"]

1. e4 c5 2. Nf3 Nc6 3. d4 cxd4 4. Nxd4 Nf6 5. Nc3 e5 6. Ndb5 d6 7. Nd5 Nxd5 8.
exd5 Nb8 9. a4 Be7 10. Bd2 O-O 11. a5 f5 12. Be2 Nd7 13. Bb4 Nf6 14. O-O f4 15.
c4 Bf5 16. a6 b6 17. f3 Ne8 18. Bd3 Nc7 19. Bxf5 Rxf5 20. Qd3 Rf6 21. Rfc1 Qc8
22. Qa3 Qd7 23. Nc3 Rg6 24. Kf1 Rh6 25. h3 b5 26. cxb5 Nxd5 27. Qb3 1-0

[Event "14th Asrian Memorial 2024"]
[Site "Yerevan ARM"]
[Date "2024.04.24"]
[Round "1.4"]
[White "Kobak, Polina"]
[Black "Ohanyan, Emin"]
[Result "0-1"]
[WhiteTitle "WFM"]
[BlackTitle "GM"]
[WhiteElo "2027"]
[BlackElo "2488"]
[WhiteFideId "24269727"]
[BlackFideId "13312022"]
[EventDate "2024.04.24"]

1. d4 d5 2. c4 e6 3. Nf3 Nf6 4. g3 dxc4 5. Bg2 c6 6. a4 Bb4+ 7. Bd2 a5 8. Qc2
O-O 9. Qxc4 Be7 10. O-O b6 11. Qc2 Ba6 12. Nc3 Nbd7 13. Rfd1 Nd5 14. Nxd5 cxd5
15. Bc3 Rc8 16. Qd2 Bc4 17. Qe1 Bb3 18. Rdc1 Bc4 19. Nd2 Ba6 20. e4 Nf6 21. e5
Nd7 22. Nf1 Nb8 23. Ne3 Nc6 24. Bf1 Bxf1 25. Qxf1 Qd7 26. Nc2 Qb7 27. Qd3 Rc7
28. Na3 Na7 29. Bd2 Rfc8 30. Nb5 Qa6 31. Rxc7 Rxc7 32. Rc1 Nxb5 33. Qxb5 Qxb5
34. axb5 Rxc1+ 35. Bxc1 a4 36. Kf1 f6 37. f4 g5 38. Ke2 fxe5 39. fxe5 g4 40. Bd2
Kf7 41. Kd3 Kg6 42. Be3 h5 43. Bf2 h4 44. Be1 h3 45. Bc3 Kf5 46. Bd2 Bf8 47. Ba5
Bh6 48. Bxb6 Bf4 49. Ba5 Bxg3 50. b6 Bxe5 51. dxe5 g3 52. b7 gxh2 53. b8=Q h1=Q
54. Qf8+ Kg4 55. Qg7+ Kf3 56. Qf6+ Kg3 57. Qg5+ Kf3 58. Qe3+ Kg4 59. Kd2 Qg2+
60. Kc1 h2 61. Qd4+ Qe4 62. Qd1+ Qf3 63. Qxa4+ Qf4+ 0-1

[Event "14th Asrian Memorial 2024"]
[Site "Yerevan ARM"]
[Date "2024.04.24"]
[Round "1.5"]
[White "Davtyan, Artur"]
[Black "Gabadadze, Gabriel"]
[Result "1-0"]
[WhiteTitle "IM"]
[WhiteElo "2474"]
[BlackElo "2024"]
[WhiteFideId "13308327"]
[BlackFideId "13628364"]
[EventDate "2024.04.24"]

1. d4 Nf6 2. c4 e6 3. Nf3 b6 4. g3 Bb7 5. Bg2 Be7 6. O-O O-O 7. Re1 h6 8. Nc3
Bb4 9. Qc2 Bxc3 10. Qxc3 d6 11. b3 Nbd7 12. Bb2 Qe7 13. Rad1 Be4 14. Bf1 Rfe8
15. Nd2 Bb7 16. e4 e5 17. Qc2 a5 18. Bg2 Rad8 19. Nf1 c5 20. dxe5 dxe5 21. Ne3
Nf8 22. Nd5 Bxd5 23. exd5 Qd6 24. Qf5 N8d7 25. Re2 Re7 26. Rde1 Rde8 27. h4 g6
28. Qf3 Kh7 29. Bh3 Kg7 30. a4 Kh7 31. Qc3 Nh5 32. Bxd7 Qxd7 33. Rxe5 f6 34.
Rxe7+ Rxe7 35. Rxe7+ Qxe7 36. Qf3 Qd6 37. g4 Nf4 38. Bc1 g5 39. Bxf4 gxf4 40.
Qe4+ Kg7 41. h5 Kf8 42. Kg2 f3+ 43. Qxf3 Qe5 44. Qe3 1-0

[Event "14th Asrian Memorial 2024"]
[Site "Yerevan ARM"]
[Date "2024.04.24"]
[Round "1.6"]
[White "Elashvili, Giorgi"]
[Black "Sanikidze, Tornike"]
[Result "0-1"]
[BlackTitle "GM"]
[WhiteElo "2021"]
[BlackElo "2453"]
[WhiteFideId "13612859"]
[BlackFideId "13602608"]
[EventDate "2024.04.24"]

1. c4 g6 2. Nc3 Bg7 3. g3 c5 4. Bg2 Nc6 5. d3 e6 6. Qd2 Nge7 7. h4 h6 8. e4 O-O
9. Nge2 a6 10. O-O Rb8 11. b3 b5 12. Bb2 d6 13. Rae1 Nd4 14. Nxd4 cxd4 15. Ne2
e5 16. cxb5 axb5 17. Rc1 b4 18. Rc2 d5 19. Rc5 Be6 20. f4 dxe4 21. fxe5 e3 22.
Qc2 Nf5 23. Be4 Rc8 24. Rxc8 Qxc8 25. Qxc8 Rxc8 26. Nxd4 Nxg3 27. Re1 Nxe4 28.
Nxe6 Nd2 29. Nd4 Bxe5 30. Rxe3 Bf6 31. Nf5 Bxb2 32. Ne7+ Kf8 33. Nxc8 Bd4 34.
Kf2 Nf1 35. Kxf1 Bxe3 36. Ke2 Bc5 37. Kf3 Ke8 38. d4 Kd7 39. dxc5 Kxc8 40. Ke4
Kc7 41. Kd4 0-1

[Event "14th Asrian Memorial 2024"]
[Site "Yerevan ARM"]
[Date "2024.04.24"]
[Round "1.7"]
[White "Shahinyan, David"]
[Black "Khachatryan, Anna"]
[Result "1-0"]
[WhiteTitle "IM"]
[BlackTitle "WFM"]
[WhiteElo "2441"]
[BlackElo "2014"]
[WhiteFideId "13304380"]
[BlackFideId "13310780"]
[EventDate "2024.04.24"]

1. e4 c5 2. Nc3 Nc6 3. Bb5 Nd4 4. Nf3 a6 5. Bd3 Nc6 6. O-O e6 7. Nd5 d6 8. Ne3
g6 9. c3 Bg7 10. Bc2 d5 11. exd5 exd5 12. d4 cxd4 13. cxd4 Nge7 14. b3 O-O 15.
Bb2 Be6 16. Qd2 Qd6 17. Rfe1 Rfe8 18. Rad1 Rad8 19. h3 Nc8 20. Ng4 Bxg4 21. hxg4
Qc7 22. Bb1 Nd6 23. Qg5 Ne4 24. Qh4 h6 25. Ne5 Nxe5 26. dxe5 Nc3 27. Bxc3 Qxc3
28. e6 g5 29. exf7+ Kxf7 30. Qh5+ Kf8 31. Rf1 d4 32. Rd3 Qc7 33. Rf3+ Kg8 34.
Qg6 d3 35. Bxd3 1-0

[Event "14th Asrian Memorial 2024"]
[Site "Yerevan ARM"]
[Date "2024.04.24"]
[Round "1.8"]
[White "Pereverzev, Timofei"]
[Black "Aleksandrov, Aleksej"]
[Result "1/2-1/2"]
[BlackTitle "GM"]
[WhiteElo "1989"]
[BlackElo "2438"]
[WhiteFideId "24239500"]
[BlackFideId "13500139"]
[EventDate "2024.04.24"]

1. e4 e5 2. Nf3 Nc6 3. Bb5 a6 4. Ba4 Nf6 5. d3 d6 6. c3 g6 7. O-O Bg7 8. h3 O-O
9. Nbd2 Nd7 10. Re1 Nc5 11. Bc2 Ne6 12. Nf1 f5 13. exf5 gxf5 14. d4 e4 15. d5
exf3 16. dxe6 Ne5 17. Bb3 Qe7 18. Bg5 Qxg5 19. e7+ Kh8 20. exf8=Q+ Bxf8 21. g3
f4 22. Qd2 Bxh3 23. Qxf4 Qh5 24. Ne3 Bg7 25. Rad1 Rf8 26. Qe4 Bc8 27. Qh4 Qxh4
28. gxh4 Ng6 29. Nd5 Be5 30. h5 Nh4 31. Nxc7 Ng2 32. Rxe5 dxe5 33. Bd5 Nf4 34.
Bxf3 Nh3+ 35. Kg2 Nxf2 36. Rd2 Nh3 37. Nd5 Ng5 38. Rf2 Kg7 39. Be2 Bh3+ 40. Kg1
Rd8 41. c4 Be6 42. Rg2 Kh6 43. Kf2 b5 44. Ke3 bxc4 45. Nf6 Rb8 46. Nxh7 Kxh7 47.
Rxg5 Rxb2 48. Rxe5 Bg8 49. Rc5 1/2-1/2

[Event "14th Asrian Memorial 2024"]
[Site "Yerevan ARM"]
[Date "2024.04.25"]
[Round "2.1"]
[White "Pashikyan, Rudolf"]
[Black "Petrosyan, Manuel"]
[Result "0-1"]
[WhiteTitle "FM"]
[BlackTitle "GM"]
[WhiteElo "2286"]
[BlackElo "2616"]
[WhiteFideId "13312545"]
[BlackFideId "13300857"]
[EventDate "2024.04.24"]

1. e4 c5 2. Nf3 d6 3. Bb5+ Nd7 4. Ba4 Nf6 5. O-O g6 6. Qe2 a6 7. c3 b5 8. Bc2
Bb7 9. d4 Bg7 10. a4 O-O 11. h3 Qc7 12. d5 b4 13. a5 Rae8 14. Bf4 e6 15. dxe6
Rxe6 16. Ng5 Re7 17. Qd1 Ne5 18. Nd2 bxc3 19. bxc3 Rd8 20. Ngf3 Bc6 21. Re1 Bb5
22. Nxe5 dxe5 23. Be3 Nh5 24. Qb1 Rb8 25. Qa2 c4 26. Bb6 Qc6 27. Nf1 Nf4 28. Ne3
Rd7 29. Kf1 Bf8 30. Ng4 Re8 31. Rad1 Rxd1 32. Rxd1 f5 33. Ne3 fxe4 34. g3 Nd3
35. Bxd3 exd3 36. Rxd3 Qh1+ 37. Ke2 Qxh3 38. Rd1 Qh5+ 39. Ke1 Qh1+ 40. Ke2 Qh5+
41. Ke1 Kg7 42. Qe2 Qh1+ 43. Qf1 Qe4 44. Qg2 Qxg2 45. Nxg2 Kf7 46. Ne3 Rc8 47.
Nd5 Bd6 48. Ke2 Ke6 49. Ne3 h5 50. Rh1 Bc6 51. Rb1 Be4 52. Rb2 Bd3+ 53. Ke1 g5
54. Ng2 h4 55. gxh4 gxh4 56. Nxh4 Rh8 0-1

[Event "14th Asrian Memorial 2024"]
[Site "Yerevan ARM"]
[Date "2024.04.25"]
[Round "2.2"]
[White "Andriasian, Zaven"]
[Black "Atoyan, Alberto"]
[Result "1/2-1/2"]
[WhiteTitle "GM"]
[BlackTitle "CM"]
[WhiteElo "2570"]
[BlackElo "2243"]
[WhiteFideId "13302000"]
[BlackFideId "13314831"]
[EventDate "2024.04.24"]

1. e4 e5 2. Nf3 Nc6 3. Bc4 Bc5 4. d3 Nf6 5. Nbd2 d6 6. c3 a5 7. O-O O-O 8. h3 h6
9. Re1 Be6 10. Bb5 Qb8 11. Nh4 Qa7 12. Qf3 Ne7 13. Nf1 Ng6 14. Nf5 Bxf5 15. exf5
Nh4 16. Qe2 Nxf5 17. g4 Ne7 18. g5 hxg5 19. Bxg5 Ned5 20. d4 exd4 21. Qf3 Nh7
22. Bd2 dxc3 23. bxc3 Ndf6 24. Ng3 c6 25. Bd3 Rfe8 26. Nf5 g6 27. Nh6+ Kg7 28.
Qg2 b5 29. Kh1 Kh8 30. f4 Rxe1+ 31. Rxe1 Re8 32. Rxe8+ Nxe8 33. f5 g5 34. Bxg5
Nef6 35. Bd2 Qe7 36. Qg3 Qf8 37. Ng4 Nxg4 38. hxg4 f6 39. g5 1/2-1/2

[Event "14th Asrian Memorial 2024"]
[Site "Yerevan ARM"]
[Date "2024.04.25"]
[Round "2.3"]
[White "Korshunov, Sergey And."]
[Black "Pranesh, M"]
[Result "1/2-1/2"]
[BlackTitle "GM"]
[WhiteElo "2286"]
[BlackElo "2538"]
[WhiteFideId "34274715"]
[BlackFideId "35028600"]
[EventDate "2024.04.24"]

1. e4 e5 2. Nf3 Nc6 3. Bb5 a6 4. Ba4 Nge7 5. O-O Ng6 6. c3 d5 7. exd5 Qxd5 8. d4
Bg4 9. dxe5 O-O-O 10. Qxd5 Rxd5 11. Bxc6 bxc6 12. Nbd2 Bc5 13. h3 Bxf3 14. Nxf3
Nxe5 15. Nxe5 Rxe5 16. Be3 Bxe3 17. fxe3 f6 18. Kf2 Rb5 19. b3 Rf5+ 20. Ke2 Rg5
21. g4 Re5 22. Rf5 Re4 23. Rd1 Rhe8 24. Rd3 1/2-1/2

[Event "14th Asrian Memorial 2024"]
[Site "Yerevan ARM"]
[Date "2024.04.25"]
[Round "2.4"]
[White "Ohanyan, Emin"]
[Black "Hovakimyan, Vache"]
[Result "1-0"]
[WhiteTitle "GM"]
[WhiteElo "2488"]
[BlackElo "2202"]
[WhiteFideId "13312022"]
[BlackFideId "13317288"]
[EventDate "2024.04.24"]

1. d4 Nf6 2. c4 e6 3. Nf3 d5 4. Nc3 Bb4 5. Bg5 h6 6. Bxf6 Qxf6 7. e3 O-O 8. Rc1
Nc6 9. Be2 Rd8 10. O-O dxc4 11. Bxc4 Bxc3 12. bxc3 Na5 13. Bd3 b6 14. Ne5 Bb7
15. f4 g6 16. Qg4 Nc6 17. Be4 Na5 18. f5 Bxe4 19. fxg6 Bf5 20. gxf7+ Kh7 21. Qf4
Qg5 22. e4 Bg6 23. h4 Qxf4 24. Rxf4 h5 25. Rcf1 Rf8 26. R1f3 Nb7 27. Rg3 Bxf7
28. Nxf7 Nd6 29. Ng5+ Kh6 30. Rgf3 Rxf4 31. Rxf4 Re8 32. Rf6+ Kg7 33. e5 Nb5 34.
Nxe6+ Kg8 35. c4 Na3 36. Nxc7 Rc8 37. Nd5 Rxc4 38. e6 Nb5 39. e7 Rc8 40. Rc6 Rb8
41. e8=Q+ Rxe8 42. Nf6+ Kf7 43. Nxe8 Kxe8 44. d5 Kd7 45. g4 hxg4 46. h5 1-0

[Event "14th Asrian Memorial 2024"]
[Site "Yerevan ARM"]
[Date "2024.04.25"]
[Round "2.5"]
[White "Sukiasyan, Vahe A."]
[Black "Davtyan, Artur"]
[Result "0-1"]
[BlackTitle "IM"]
[WhiteElo "2258"]
[BlackElo "2474"]
[WhiteFideId "13317245"]
[BlackFideId "13308327"]
[EventDate "2024.04.24"]

1. d4 d5 2. c4 e6 3. Nf3 c6 4. e3 Nf6 5. Nc3 Nbd7 6. Be2 b6 7. O-O Bb7 8. b3 Be7
9. Bb2 O-O 10. a4 Bb4 11. Na2 Bd6 12. Nc3 a5 13. Qc2 Bb4 14. Rad1 Rc8 15. Bd3 c5
16. Ne5 cxd4 17. exd4 h6 18. Nb5 Nxe5 19. dxe5 Nd7 20. Qe2 Qe7 21. Bc2 Rfd8 22.
f4 Nf8 23. Nd6 Bc5+ 24. Kh1 Bxd6 25. exd6 Qd7 26. f5 dxc4 27. Qg4 c3 28. f6 g6
29. Bc1 Rc5 30. Bxh6 Rh5 31. Bxf8 Kxf8 32. Rf4 Bd5 33. Rdf1 e5 34. Rf5 Rxf5 35.
Bxf5 Qxd6 36. Qh4 Ke8 37. Bg4 c2 38. Re1 Be6 39. Be2 Kd7 40. Qe4 Rc8 41. Ba6
c1=Q 0-1

[Event "14th Asrian Memorial 2024"]
[Site "Yerevan ARM"]
[Date "2024.04.25"]
[Round "2.6"]
[White "Sanikidze, Tornike"]
[Black "Ghimoyan, Narek"]
[Result "1/2-1/2"]
[WhiteTitle "GM"]
[BlackTitle "CM"]
[WhiteElo "2453"]
[BlackElo "2168"]
[WhiteFideId "13602608"]
[BlackFideId "13315412"]
[EventDate "2024.04.24"]

1. e4 e6 2. d4 d5 3. Bd3 dxe4 4. Bxe4 Nf6 5. Bf3 c5 6. Ne2 Nc6 7. Be3 e5 8.
Bxc6+ bxc6 9. c3 cxd4 10. cxd4 exd4 11. Qxd4 Qxd4 12. Nxd4 Bb4+ 13. Bd2 Bc5 14.
Nb3 Bb6 15. O-O O-O 16. Bb4 Re8 17. Nc3 Ne4 18. Nxe4 Rxe4 19. a3 Be6 20. Nc5 Re2
21. Nxe6 fxe6 22. Rab1 a5 23. Bd6 Rd8 24. Bg3 Rdd2 25. b3 Rb2 26. h4 Bxf2+ 27.
Bxf2 Rxf2 28. Rxb2 Rxb2 29. Rf3 Rc2 30. a4 c5 31. h5 h6 32. Re3 Kf7 33. Rf3+ Ke7
34. Rg3 Kf6 35. Rf3+ Ke5 36. Re3+ Kf5 37. Rf3+ Ke5 38. Re3+ Kf6 39. Rf3+ Ke7 40.
Rg3 Kf8 41. Rf3+ Kg8 42. Re3 c4 43. bxc4 Rxc4 44. Rxe6 Rc5 45. g3 Rxh5 46. Kg2
Rc5 47. Ra6 Kh7 48. Kh3 h5 49. g4 hxg4+ 50. Kh4 g6 51. Kxg4 Kh6 52. Kf3 Kg5 53.
Ke3 Rf5 54. Rb6 Kh5 55. Ke4 Rg5 56. Kf3 Kh4 57. Rb5 Rg3+ 58. Kf2 g5 59. Rxa5 Ra3
60. Kg1 g4 61. Rb5 Kh3 62. Rb1 Rxa4 63. Rb3+ g3 64. Rb1 Ra3 65. Rc1 1/2-1/2

[Event "14th Asrian Memorial 2024"]
[Site "Yerevan ARM"]
[Date "2024.04.25"]
[Round "2.7"]
[White "Baghdasaryan, Vahe"]
[Black "Shahinyan, David"]
[Result "0-1"]
[WhiteTitle "GM"]
[BlackTitle "IM"]
[WhiteElo "2242"]
[BlackElo "2441"]
[WhiteFideId "13303139"]
[BlackFideId "13304380"]
[EventDate "2024.04.24"]

1. e4 d6 2. d4 Nf6 3. Nc3 e5 4. Nf3 Nbd7 5. Bc4 Be7 6. O-O O-O 7. a4 c6 8. Re1
exd4 9. Nxd4 Ne5 10. Ba2 Re8 11. h3 Ng6 12. f4 Bd7 13. Kh1 Qc7 14. f5 Ne5 15.
Nf3 h6 16. Nxe5 dxe5 17. Re3 Red8 18. Rg3 Kf8 19. Bxh6 gxh6 20. Qd2 Ng8 21. Rf1
Be8 22. Qe2 Rd6 23. Nd1 Bg5 24. Nf2 Nf6 25. Ng4 Rd2 26. Qf3 Nh5 27. h4 Nxg3+ 28.
Qxg3 Bf4 29. Qf3 Qd6 30. g3 h5 31. Nh2 Bh6 32. Qxh5 Bg7 33. Qf3 Rd8 34. g4 Rd1
35. g5 Rxf1+ 36. Nxf1 Qd1 37. Qg2 Qh5 38. Qg3 Rd1 39. Kg1 Qe2 40. Qh3 Kg8 41. f6
Bd7 0-1

[Event "14th Asrian Memorial 2024"]
[Site "Yerevan ARM"]
[Date "2024.04.25"]
[Round "2.8"]
[White "Ambartsumian, Tyhran"]
[Black "Hayrapetyan, Hovik"]
[Result "0-1"]
[BlackTitle "GM"]
[WhiteElo "2178"]
[BlackElo "2432"]
[WhiteFideId "34161112"]
[BlackFideId "13302639"]
[EventDate "2024.04.24"]

1. e4 c5 2. Nf3 d6 3. Bb5+ Nd7 4. a4 Nf6 5. Nc3 a6 6. Be2 b6 7. d4 cxd4 8. Qxd4
Bb7 9. O-O e6 10. Rd1 Qc7 11. Be3 Be7 12. Nd2 O-O 13. Nc4 d5 14. exd5 Nxd5 15.
Nxd5 Bxd5 16. Bf4 Qc5 17. Qxc5 Bxc5 18. Ne3 Bc6 19. c3 a5 20. Bb5 Bxb5 21. axb5
Nf6 22. Bd6 Rfc8 23. Bxc5 Rxc5 24. c4 Rb8 25. b3 Rc7 26. Nc2 Ne4 27. Nd4 Nc5 28.
Nc6 Rbc8 29. Rab1 Kf8 30. f3 Ke8 31. Kf2 Rd7 32. Ke2 Rcc7 33. h4 f6 34. Rb2 Rxd1
35. Kxd1 Rd7+ 36. Kc2 Kf7 37. Ra2 h5 38. Nb8 Rd4 39. Na6 Nb7 40. g3 g5 41. Kc3
Rd1 42. Rd2 Rxd2 43. Kxd2 gxh4 44. gxh4 Ke7 45. Ke3 Nd6 46. Kd3 Nf5 47. c5 Kd7
48. cxb6 Kc8 49. Nc5 Nxh4 50. b7+ Kb8 51. Nd7+ Kxb7 52. Nxf6 Nxf3 53. Nxh5 Kb6
54. Ke3 Ng5 55. Nf4 Kxb5 56. Nd3 Nf7 57. Kd4 Nd6 58. Ke5 Nb7 59. Kd4 Nd8 60. Ke5
Kc6 61. Nb2 Kc5 62. Nd3+ Kb5 63. Kd6 Nb7+ 64. Ke5 Nc5 65. Nb2 Nxb3 66. Kxe6 Kc5
67. Kd7 Nd2 68. Nd3+ Kc4 69. Ne5+ Kc3 70. Nc6 a4 71. Na7 Kc4 72. Nc6 a3 73. Ne5+
Kc3 0-1

[Event "14th Asrian Memorial 2024"]
[Site "Yerevan ARM"]
[Date "2024.04.26"]
[Round "3.1"]
[White "Petrosyan, Manuel"]
[Black "Nigalidze, Gaioz"]
[Result "1-0"]
[WhiteTitle "GM"]
[BlackTitle "IM"]
[WhiteElo "2616"]
[BlackElo "2373"]
[WhiteFideId "13300857"]
[BlackFideId "13603078"]
[EventDate "2024.04.24"]

1. e4 c5 2. Nf3 d6 3. Bb5+ Nd7 4. d4 cxd4 5. Qxd4 a6 6. Be2 e5 7. Qe3 Ngf6 8. c4
Nc5 9. Nc3 Ng4 10. Qd2 f5 11. exf5 Bxf5 12. b4 Ne6 13. Bd3 g6 14. Qc2 Bxd3 15.
Qxd3 Bg7 16. O-O O-O 17. Qd5 Qe7 18. Ne4 Nf6 19. Qxd6 Qxd6 20. Nxd6 e4 21. Ng5
Ne8 22. Nxe6 Bxa1 23. Nxe8 Rfxe8 24. Nc7 Bc3 25. a3 a5 26. bxa5 Kf7 27. Nxa8
Rxa8 28. Rd1 Ke6 29. g4 Rxa5 30. Rd8 Ke5 31. Rd7 h5 32. gxh5 gxh5 33. Rxb7 Kd4
34. Rc7 Kd3 35. c5 Kc2 36. Bf4 Rxa3 37. Rd7 Ra6 38. Rd6 Ra4 39. c6 Rc4 40. Rh6
Bg7 41. Re6 Bd4 42. c7 1-0

[Event "14th Asrian Memorial 2024"]
[Site "Yerevan ARM"]
[Date "2024.04.26"]
[Round "3.2"]
[White "Sahakyan, Aleks"]
[Black "Ohanyan, Emin"]
[Result "0-1"]
[WhiteTitle "FM"]
[BlackTitle "GM"]
[WhiteElo "2339"]
[BlackElo "2488"]
[WhiteFideId "13316338"]
[BlackFideId "13312022"]
[EventDate "2024.04.24"]

1. c4 e6 2. g3 d5 3. Bg2 Nf6 4. Nf3 Be7 5. O-O O-O 6. b3 d4 7. e3 c5 8. Ne5 Qc7
9. f4 Nbd7 10. Na3 a6 11. Nd3 e5 12. g4 exf4 13. exf4 h6 14. Nc2 Rb8 15. Ba3 g6
16. Qf3 Bd6 17. Rac1 b6 18. Qc6 Bb7 19. Qxc7 Bxc7 20. Bxb7 Rxb7 21. Rce1 Nxg4
22. b4 Bd6 23. bxc5 Nxc5 24. Ne5 Bxe5 25. fxe5 Re8 26. Nxd4 Nxe5 27. Kh1 Rbe7
28. Nb3 Nxc4 29. Rxe7 Rxe7 30. Bxc5 bxc5 31. Rc1 Ne5 32. Rxc5 Nf3 33. Kg2 Nxd2
34. Nd4 Rd7 35. Nc2 Rb7 36. Rd5 Ne4 37. a3 Rb2 38. Rd8+ Kg7 39. Rc8 Nd6 0-1

[Event "14th Asrian Memorial 2024"]
[Site "Yerevan ARM"]
[Date "2024.04.26"]
[Round "3.3"]
[White "Davtyan, Artur"]
[Black "Hayrapetyan, Edgar"]
[Result "1-0"]
[WhiteTitle "IM"]
[BlackTitle "FM"]
[WhiteElo "2474"]
[BlackElo "2340"]
[WhiteFideId "13308327"]
[BlackFideId "13313568"]
[EventDate "2024.04.24"]

1. e4 c5 2. Nf3 e6 3. d4 cxd4 4. Nxd4 a6 5. Bd3 Bc5 6. Nb3 Ba7 7. Qe2 Ne7 8. h4
Nbc6 9. h5 h6 10. Qg4 Rg8 11. Qg3 d6 12. Nc3 Qc7 13. Be3 Bxe3 14. Qxe3 e5 15.
Nd5 Nxd5 16. exd5 Nb4 17. Qe4 Nxd3+ 18. cxd3 Qe7 19. Rc1 g6 20. hxg6 Rxg6 21.
Qe3 Qf6 22. Rc7 Kf8 23. Nd2 Qd8 24. Rc4 Kg7 25. Rch4 Qh8 26. Nc4 Bd7 27. g4 Bxg4
28. Nxd6 h5 29. Nf5+ Kf6 30. Ng3 Qf8 31. a3 Ke7 32. f3 Bd7 33. Rxh5 Qg7 34. Qc5+ 1-0

[Event "14th Asrian Memorial 2024"]
[Site "Yerevan ARM"]
[Date "2024.04.26"]
[Round "3.4"]
[White "Shahinyan, David"]
[Black "Babujian, Levon"]
[Result "1-0"]
[WhiteTitle "IM"]
[BlackTitle "GM"]
[WhiteElo "2441"]
[BlackElo "2338"]
[WhiteFideId "13304380"]
[BlackFideId "13301993"]
[EventDate "2024.04.24"]

1. e4 c5 2. c3 d5 3. exd5 Qxd5 4. d4 Nc6 5. Nf3 e6 6. Na3 cxd4 7. Nb5 Bd6 8. Bc4
Qe4+ 9. Be3 Bb8 10. cxd4 Nf6 11. O-O O-O 12. Re1 Qf5 13. Bd3 Qh5 14. h3 Rd8 15.
Bg5 a6 16. Bxf6 gxf6 17. Nc3 f5 18. d5 exd5 19. Qb3 d4 20. Nd5 Kh8 21. Nb6 Rg8
22. Bf1 Ra7 23. Nxc8 Rxc8 24. Rac1 Rd8 25. Rc5 Bd6 26. g4 Rg8 27. Bg2 Qg6 28.
Rxf5 b5 29. Nh4 Qh6 30. Rh5 Qd2 31. Rd1 Qf4 32. Qc2 f5 33. Rxf5 Qh2+ 34. Kf1 Ne5
35. Qe4 d3 36. Qd4 Rd7 37. Nf3 Bb8 38. Qxd7 1-0

[Event "14th Asrian Memorial 2024"]
[Site "Yerevan ARM"]
[Date "2024.04.26"]
[Round "3.5"]
[White "Hayrapetyan, Hovik"]
[Black "Chaqryan, Erik"]
[Result "1-0"]
[WhiteTitle "GM"]
[BlackTitle "FM"]
[WhiteElo "2432"]
[BlackElo "2326"]
[WhiteFideId "13302639"]
[BlackFideId "13312340"]
[EventDate "2024.04.24"]

1. d4 Nf6 2. c4 g6 3. Nc3 Bg7 4. Nf3 O-O 5. g3 d6 6. Bg2 Nc6 7. d5 Na5 8. b3 a6
9. Bb2 Rb8 10. O-O b5 11. cxb5 axb5 12. Rc1 b4 13. Nb1 e5 14. Ne1 h5 15. Qd2 h4
16. Nc2 hxg3 17. hxg3 Ng4 18. Nxb4 Bh6 19. f4 c5 20. Nd3 c4 21. bxc4 Qb6+ 22. c5
dxc5 23. Ba3 Nb7 24. Nxc5 Nd6 25. Bf3 Nb5 26. Bb2 Nd4 27. Bxd4 exd4 28. Qxd4 Bg7
29. Qd2 Qa7 30. Rc2 Bf5 31. e4 Rfc8 32. Rfc1 Rxc5 33. Rxc5 Rxb1 34. Rxb1 Qxc5+
35. Kg2 Ne3+ 36. Kh1 Bg4 37. Bxg4 Nxg4 38. e5 Qc4 39. Re1 Bf8 40. d6 Qc6+ 41.
Qg2 Qc3 42. Rf1 Qd3 43. Qf3 Qf5 44. Kg1 Bxd6 45. exd6 Qc5+ 46. Kg2 Qc2+ 47. Rf2
Nxf2 48. Qxf2 Qc6+ 49. Kh2 Qxd6 50. a4 Qd5 51. Qe2 Kh7 52. Qg2 Qa5 53. Qa2 Kg8
54. Qc2 Qh5+ 55. Kg2 Qd5+ 56. Kf2 Qh1 57. Qb3 Qh2+ 58. Kf3 Qh1+ 59. Ke3 Qg1+ 60.
Ke4 Qc5 61. Qb5 Qc2+ 62. Kd5 Qg2+ 63. Kc5 Qxg3 64. Qe8+ Kg7 65. Qe5+ f6 66. Qe7+
Kg8 67. Qd8+ Kg7 68. a5 Qe3+ 69. Qd4 Qe6 70. Qd6 Qe3+ 71. Kc6 g5 72. fxg5 fxg5
73. a6 g4 74. Qd7+ Kh6 75. a7 Qc1+ 76. Kb7 Qb2+ 77. Kc7 1-0